Описание Санкт-Петербургской ремесленной выставки 1899 года: изданное в пользу ремесленных отделений домов трудолюбия

書誌詳細
その他の著者: Рейнке М. М. (составитель), Глуховский П. И. (редактор)
要約:разд. паг.
言語:ロシア語
出版事項: Санкт-Петербург, Типография инженера Г. А. Бернштейна, 1900
主題:
フォーマット: 図書
KOHA link:https://koha.lib.tpu.ru/cgi-bin/koha/opac-detail.pl?biblionumber=332170

MARC

LEADER 00000nam0a2200000 4500
001 332170
005 20231102004429.0
035 |a (RuTPU)RU\TPU\book\358072 
090 |a 332170 
100 |a 20170517d1900 m y0rusy50 ca 
101 0 |a rus 
102 |a RU 
105 |a ef z 001zy 
200 1 |a Описание Санкт-Петербургской ремесленной выставки 1899 года  |e изданное в пользу ремесленных отделений домов трудолюбия  |f сост. М. М. Рейнке ; под ред. П. И. Глуховского 
210 |a Санкт-Петербург  |c Типография инженера Г. А. Бернштейна  |d 1900 
215 |a II, 98, 215 с.  |e план выставки 
300 |a разд. паг. 
320 |a Алф. указ.: 87 с. 
606 |a Выставки торгово-промышленные  |2 stltpush  |3 (RuTPU)RU\TPU\subj\3982  |9 32304 
610 1 |a описание 
610 1 |a ремесленная выставка 
610 1 |a ремесленная промышленность 
610 1 |a устройство выставки 
610 1 |a список экспертов 
610 1 |a ювелирные изделия 
610 1 |a указатель выставки 
610 1 |a экспертиза 
610 1 |a выставки 
686 |a У9(2)212.4  |v LBC/SL-A  |2 rubbk 
702 1 |a Рейнке  |b М. М.  |4 220 
702 1 |a Глуховский  |b П. И.  |4 340 
801 1 |a RU  |b 63413507  |c 20170517 
801 2 |a RU  |b 63413507  |c 20200827  |g RCR 
942 |c BK